Tham khảo nhanh visual basic 6.0

Guardat en:
Dades bibliogràfiques
Autor principal: Phạm, Hữu Khang
Format: Llibre
Idioma:Undetermined
Publicat: Hà Nội Thống Kê 2004
Matèries:
Etiquetes: Afegir etiqueta
Sense etiquetes, Sigues el primer a etiquetar aquest registre!
Thư viện lưu trữ: Trung tâm Học liệu Trường Đại học Cần Thơ
LEADER 00522nam a2200181Ia 4500
001 CTU_212466
008 210402s9999 xx 000 0 und d
082 |a 005.133 
082 |b Kh106 
100 |a Phạm, Hữu Khang 
245 0 |a Tham khảo nhanh visual basic 6.0 
245 0 |c Phạm Hữu Khang 
260 |a Hà Nội 
260 |b Thống Kê 
260 |c 2004 
650 |a Basic ( computer program language ) 
904 |i Mai Loan, QHieu 
980 |a Trung tâm Học liệu Trường Đại học Cần Thơ